书目信息 |
| 题名: |
预备党员须知
|
|
| 作者: | 石文华 主编 | |
| 分册: | ||
| 出版信息: | 上海 上海人民出版社 1994.05 |
|
| 页数: | 179页 | |
| 开本: | 19cm | |
| 丛书名: | ||
| 单 册: | ||
| 中图分类: | D263.19 | |
| 科图分类: | ||
| 主题词: | 中国共产党--预备党员 | |
| 电子资源: | ||
| ISBN: | 7-208-01846-4 | |
| 000 | 00552nam0 2200193 45 | |
| 001 | 0503281047 | |
| 005 | 20050328160619.9 | |
| 010 | @a7-208-01846-4@dCNY4.90 | |
| 100 | @a20050328d1994 km y0chiy0120 ea | |
| 101 | 0 | @achi |
| 105 | @a z 000yy | |
| 200 | 1 | @a预备党员须知@AYu Bei Dang Yuan Xu Zhi@f石文华主编@FShi Wen Hua Zhu Bian |
| 210 | @a上海@c上海人民出版社@d1994.05 | |
| 215 | @a179页@d19cm | |
| 606 | 0 | @a中国共产党@x预备党员 |
| 690 | @aD263.19@v3 | |
| 701 | 0 | @a石文华@4主编 |
| 801 | @aCN@bPftUser@c20050328 | |
| 905 | @f1@b264877@dD263.19@e54 | |
| 预备党员须知/石文华主编.-上海:上海人民出版社,1994.05 |
| 179页;19cm |
| ISBN 7-208-01846-4:CNY4.90 |
| ● |
| 相关链接 |
|
|
|
|
正题名:预备党员须知
索取号:D263.19/54
 
预约/预借
| 序号 | 登录号 | 条形码 | 馆藏地/架位号 | 状态 | 备注 |
| 1 | 0264877 | 000774344 | 第一借阅区/ [索取号:D263.19/54] | 在馆 | |
| 2 | 0264878 | 000383105 | 第一样本阅览室/ [索取号:D263.19/54] | 在馆 | |
| 3 | 0264879 | 000383098 | 第一借阅区/ [索取号:D263.19/54] | 在馆 |